[Event "RUS-chT Premier 2021"]
[White "Timerkhanov,Alexander"]
[Black "Gluhovsky,Mark"]
[WhiteTeam "СШОР"]
[BlackTeam "Гоголевский, 14"]
[Site "Sochi"]
[Round "3.12"]
[Annotator "ChessBase"]
[Result "1/2-1/2"]
[Date "2021.05.03"]
[WhiteElo "2400"]
[BlackElo "2271"]
[PlyCount "118"]
[TimeControl "60"]

1. d4 {[%emt 0:0:0]} Nf6 {[%emt 0:1:49]} 2. Bg5 {[%emt 0:0:0]} g6 {[%emt 0:0:13]
} 3. Bxf6 {[%emt 0:0:0]} exf6 {[%emt 0:0:5]} 4. e3 {[%emt 0:0:0]} d5 {[%emt 0:0:29]} 5. g3 {[%emt 0:1:34]} c6 {[%emt 0:0:23]} 6. Bg2 {[%emt 0:0:9]
} h5 {[%emt 0:0:50]} 7. h4 {[%emt 0:0:31]} Bg4 {[%emt 0:0:17]} 8. Ne2 {[%emt 0:3:2]} Nd7 {[%emt 0:3:27]} 9. Nd2 {[%emt 0:2:26]} Nb6 {[%emt 0:0:43]
} 10. b3 {[%emt 0:8:12]} Bd6 {[%emt 0:17:17]} 11. f3 {[%emt 0:0:0]} Be6 {[%emt 0:5:10]} 12. Kf2 {[%emt 0:1:4]} Qc7 {[%emt 0:3:8]} 13. a4 {[%emt 0:6:19]} a5 {[%emt 0:4:24]} 14. Rc1 {[%emt 0:2:31]} Ba3 {[%emt 0:0:0]} 15. Rb1 {[%emt 0:0:27]} Bd6 {[%emt 0:1:26]} 16. Bh3 {[%emt 0:9:37]} Qd7 {[%emt 0:6:54]} 17. Qf1 {[%emt 0:12:3]} 0-0 {[%emt 0:6:26]} 18. Qg2 {[%emt 0:1:20]
} Bxh3 {[%emt 0:5:25]} 19. Qxh3 {[%emt 0:0:31]} f5 {[%emt 0:0:0]} 20. Rbg1 {[%emt 0:4:44]} Rae8 {[%emt 0:4:53]} 21. Nf1 {[%emt 0:1:19]} Qe6 {[%emt 0:4:22]} 22. g4 {[%emt 0:7:39]} hxg4 {[%emt 0:2:53]} 23. fxg4 {[%emt 0:0:26]
} f4 {[%emt 0:0:57]} 24. Qf3 {[%emt 0:4:1]} fxe3+ {[%emt 0:0:0]} 25. Nxe3 {[%emt 0:0:4]} Qe4 {[%emt 0:0:29]} 26. Rh3 {[%emt 0:1:8]} c5 {[%emt 0:2:1]} 27. c3 {[%emt 0:1:36]} c4 {[%emt 0:1:0]} 28. Qxe4 {[%emt 0:0:0]} Rxe4 {[%emt 0:0:22]} 29. bxc4 {[%emt 0:0:2]} Nxc4 {[%emt 0:2:7]} 30. Nxd5 {[%emt 0:9:8]} Kg7 {[%emt 0:3:25]} 31. h5 {[%emt 0:1:42]} Rfe8 {[%emt 0:1:49]
} 32. Nc1 {[%emt 0:0:17]} Bf4 {[%emt 0:2:2]} 33. h6+ {[%emt 0:0:0]} Kh8 {[%emt 0:1:9]} 34. Nf6 {[%emt 0:0:56]} Re3 {[%emt 0:1:9]} 35. Rf3 {[%emt 0:1:50]} Rxf3+ {[%emt 0:1:46]} 36. Kxf3 {[%emt 0:0:1]} Re6 {[%emt 0:0:26]
} 37. Ne4 {[%emt 0:2:32]} Be3 {[%emt 0:1:29]} 38. Re1 {[%emt 0:0:0]} f5 {[%emt 0:0:20]} 39. Nc5 {[%emt 0:0:33]} Re7 {[%emt 0:0:56]} 40. N1d3 {[%emt 0:0:0]} b6 {[%emt 0:0:0]} 41. Nb3 {[%emt 0:2:0]} fxg4+ {[%emt 0:12:49]
} 42. Kxg4 {[%emt 0:0:5]} Kh7 {[%emt 0:0:24]} 43. Na1 {[%emt 0:4:47]
} Rf7 {[%emt 0:3:23]} 44. Ne5 {[%emt 0:10:4]} Nxe5+ {[%emt 0:0:0]} 45. dxe5 {[%emt 0:0:1]} Bd2 {[%emt 0:0:23]} 46. Re4 {[%emt 0:0:32]} Bxc3 {[%emt 0:0:25]} 47. e6 {[%emt 0:0:7]} Re7 {[%emt 0:0:11]} 48. Nc2 {[%emt 0:0:5]
} Bd2 {[%emt 0:6:32]} 49. Rd4 {[%emt 0:2:39]} Bxh6 {[%emt 0:0:0]} 50. Rd7 {[%emt 0:0:5]} Bf8 {[%emt 0:0:4]} 51. Nd4 {[%emt 0:0:12]} Rxd7 {[%emt 0:2:22]} 52. exd7 {[%emt 0:0:5]} Be7 {[%emt 0:0:2]} 53. Nc6 {[%emt 0:0:41]
} Bf6 {[%emt 0:0:7]} 54. d8=Q {[%emt 0:0:17]} Bxd8 {[%emt 0:0:0]} 55. Nxd8 {[%emt 0:0:2]} Kg7 {[%emt 0:1:1]} 56. Kg5 {[%emt 0:1:55]} Kf8 {[%emt 0:0:30]} 57. Nc6 {[%emt 0:6:51]} Kf7 {[%emt 0:0:57]} 58. Nd4 {[%emt 0:0:15]
} Ke7 {[%emt 0:0:10]} 59. Nb5 {[%emt 0:0:58]} Ke6 1/2-1/2

[Event "RUS-chT Premier 2021"]
[White "Artemiev,Vladislav"]
[Black "Truskavetsky,Alexandr"]
[WhiteTeam "Ладья"]
[BlackTeam "Киммерия"]
[Site "Sochi"]
[Round "3.13"]
[Annotator "TA"]
[Result "1-0"]
[Date "2021.05.03"]
[WhiteElo "2709"]
[BlackElo "2387"]
[PlyCount "95"]

1. d4 {} Nf6 2. c4 e6 3. Nf3 b6 4. g3 Bb4+ 5. Nbd2 Ba6 6. Qc2 Bb7 {E15: Queen's Indian: 4 g3 sidelines, 4 g3 Ba6 and 4 g3
Bb7 early deviations.} 7. Bg2 0-0 8. 0-0 d5 {The position is equal.} 9. Ne5 c5 10. Ndf3 cxd4 $1 11. Nxd4 Bd6 {[#]} 12. Bf4 $146 ({Predecessor:} 12. Nd3 Nc6 13. Nxc6 Bxc6 14. cxd5 Bxd5 15. Bxd5 Nxd5 {1/2-1/2 (15) Manninen,M (2365)
-Nykopp,J (2250) Helsinki 1995} )g5 {[#]} 13. Nxf7 $1 Kxf7 14. Bxg5 Nbd7 15. cxd5 exd5 (15... Bxd5 $11 16. Bxd5 exd5 )16. Rad1 ({And not} 16. Qf5 Qe7 $15 )({White has to play} 16. Nf5 $1 $16 {} Qb8 17. e4 )Re8 (16... Kg8 $11 {keeps the balance.} )17. Nb5 $16 { White has strong
compensation.} Be7 18. Qf5 Kg7 19. Nc3 (19. e4 $16 {Hoping for e5.} Nc5 20. exd5 )Rc8 ({Black should try} 19... Qc8 $11 )20. e4 $1 $14 Rf8 $1 {
Strongly threatening ...Nxe4.} 21. Qh3 Kh8 22. exd5 Bc5 23. Ne4 Qe8 24. Nxc5 Nxc5 25. Qh4 Qg6 26. Rfe1 $1 { Re7 is the strong threat.} Rf7 27. b4 Ncd7 28. Rd4 ({White should play} 28. Bh3 $1 $16 )Rg8 29. Bd2 Qc2 30. Be3 (30. Bh3 $14 )Qxa2 $2 (30... Re8 $11 )31. Rf4 $2 (31. Rd2 $18 Qb3 32. Bd4 )Bxd5 $11 {And now ...Re8 would win.} 32. Bd4 Qd2 $2 33. Ra1 $2 ({
Better is} 33. Bxd5 $18 Qxe1+ 34. Kg2 )Bxg2 34. Rxf6 Nxf6 35. Bxf6+ Rgg7 $1 {White must now prevent ...Bf3.} 36. Kxg2 Kg8 37. Qc4 {Intending Qc8+ and
mate.} Rg6 $1 {} 38. Bd4 {Rxa7 would kill now.} b5 (38... Qf4 $5 {
} 39. Re1 Qf3+ 40. Kg1 Qc6 $14 )39. Qd5 {[#]} (39. Qc5 $14 {
stays ahead.} )a6 $2 (39... Rd6 $1 $17 { keeps the
pressure on.} 40. Qxd6 Rxf2+ $1 41. Bxf2 (41. Kh3 $2 Rxh2+ 42. Kg4 Qe2+ 43. Kg5 Rh5+ 44. Kf4 Rh4+ 45. gxh4 Qh2+ { Double Attack} 46. Ke4 Qxd6 $19 )Qxd6 )40. Qd8+ Rf8 41. Qd5+ $40 { Black needs to defend
precisely.} Rf7 {Black wants to play ...Rd6.} 42. Qe5 $1 {} Rgf6 {} 43. Kg1 h5 $2 {Loses the game.} (43... Rf8 $16 {
is a better defense.} )44. h4 $18 ({Don't do} 44. f4 $6 Rh6 $16 )Qd3 {
[#] If only Black now had time for ...Qf5....White has a decisive advantage.} 45. Qg5+ Rg6 {[#]} 46. Qd8+ Rf8 {( -> ...Rxg3+)} 47. Qd5+ { Double
Attack} Rf7 48. Re1 {Weighted Error Value: White=0.31/Black=0.39} 1-0

[Event "RUS-chT Premier 2021"]
[White "Musalov,Ruslan"]
[Black "Oparin,Grigoriy"]
[WhiteTeam "Киммерия"]
[BlackTeam "Ладья"]
[Site "Sochi"]
[Round "3.14"]
[Annotator "TA"]
[Result "0-1"]
[Date "2021.05.03"]
[WhiteElo "2359"]
[BlackElo "2652"]
[PlyCount "102"]

1. Nf3 {} Nf6 2. c4 e6 3. e3 d5 4. Nc3 Bd6 5. d4 b6 6. Bd3 Bb7 7. 0-0 0-0 8. b3 Nbd7 9. Bb2 a6 10. Rc1 Qe7 11. Ne2 {E14: Queen's Indian: Classical Variation (4 e3).} dxc4 12. Bxc4 Rfd8 (12... b5 $5 13. Bd3 $8 c5 $15 )13. Ng3 {The position is equal.} c5 14. Qe2 cxd4 15. Nxd4 Ne5 16. Rfd1 {[#]} g6 $146 ({Predecessor:} 16... b5 17. Nxe6 bxc4 18. Nxd8 Rxd8 19. bxc4 Qe6 20. c5 Bc7 21. Rxd8+ Bxd8 22. Bxe5 Qxe5 23. c6 Bc8 24. h3 h5 25. Nf1 Bc7 26. Qd3 Qg5 27. Qc2 {1/2-1/2 (27) Avrukh,B (2550)-Kunte,A 
(2430) Zagan 1997} )17. Bd3 Nxd3 18. Rxd3 Rac8 19. Rxc8 Rxc8 20. Qd1 Bb8 21. Nf3 e5 {White must now prevent ...e4.} 22. Nd2 b5 {} 23. Nb1 h5 24. h3 h4 25. Nf1 Be4 26. Rd2 b4 27. f3 Bc6 (27... Bf5 $17 )28. Rc2 $11 Rd8 29. Nbd2 Bb5 30. Qc1 $1 Bd3 31. Rc8 Nd5 32. Qc6 {[#] Qxd5 is the
strong threat.} Bb5 $1 $36 { Black has the initiative.} 33. Rxd8+ Qxd8 34. Qc5 Qd7 35. Ne4 {Hoping for Qxd5!} Kg7 36. a4 Bxf1 (36... Bd3 $17 37. Qc1 Bxe4 38. fxe4 Nf6 )37. Kxf1 f6 {And now ...Ba7 would win.} 38. Bc1 (38. Ke2 $1 $11 {keeps the balance.} )Ba7 $17 39. Qd6 Qxd6 (39... Nxe3+ 40. Bxe3 Qxd6 41. Nxd6 $15 )40. Nxd6 Bxe3 { Endgame KBN-KBN} ({Resist} 40... Nxe3+ 41. Bxe3 Bxe3 42. Nb7 $15 )41. Ne8+ $2 {This costs White the game.} (41. Bxe3 $17 Nxe3+ 42. Kf2 )Kf7 $19 42. Nc7 Nxc7 ({Worse is} 42... Bxc1 43. Nxd5 a5 44. Nb6 $11 )43. Bxe3 {KB-KN} Ke6 44. Bf2 g5 45. Bc5 Nd5 46. Ke2 $2 (46. Kg1 )Nf4+ 47. Kf1 {[#]} Nd3 {} 48. Bf8 a5 49. Kg1 Nc1 50. Bc5 Nxb3 51. Bb6 Nd4 {Weighted Error Value: White=0.65/Black=0.08} 0-1

[Event "RUS-chT Premier 2021"]
[White "Timofeev,Artyom"]
[Black "Alexeev,Alexey"]
[WhiteTeam "Ладья"]
[BlackTeam "Киммерия"]
[Site "Sochi"]
[Round "3.15"]
[Annotator "TA"]
[Result "1-0"]
[Date "2021.05.03"]
[WhiteElo "2594"]
[BlackElo "2243"]
[PlyCount "31"]

1. e4 {} c5 2. Nf3 Nc6 3. Nc3 Nf6 4. Bb5 Nd4 5. e5 Nxb5 6. Nxb5 Nd5 7. Ng5 Nc7 $2 { [#] B30: Sicilian: 2...Nc6 3 Bb5, lines without ...
g6.} (7... f6 $11 {and Black has nothing to worry.} 8. Ne4 Qb6 )8. Qh5 $1 $18 {
} g6 9. Qf3 {} f5 {
White is clearly better.} 10. exf6 $1 $40 { Black is in trouble.} ({
Weaker is} 10. Qb3 e6 $11 )exf6 (10... d6 $142 )11. Nxc7+ {
Overworked Piece} Qxc7 12. Qxf6 Qd6 (12... d6 $142 13. Qxh8 Qe7+ 14. Kd1 Qxg5 15. Re1+ (15. Qxh7 $2 Qxg2 16. Re1+ Kd8 $19 )Kf7 16. Qxh7+ Bg7 )13. Qxh8 Qe7+ {[#]} 14. Kf1 $146 ({But not} 14. Kd1 Qxg5 15. Re1+ Kf7 $18 )({
Predecessor:} 14. Kd1 Qxg5 15. Re1+ Kf7 16. Qxh7+ Bg7 17. d3 {1-0 (17) Riff,J 
(2520)-Bernard,C (2355) Cappelle la Grande 2009} )Qxg5 15. d4 Qh4 16. Qe5+ {Black did not feel at home in the position after the opening.  Weighted
Error Value: White=0.12/Black=0.99} 1-0

[Event "RUS-chT Premier 2021"]
[White "Babakekhyan,Artem"]
[Black "Makhmutov,Rail"]
[WhiteTeam "Киммерия"]
[BlackTeam "Ладья"]
[Site "Sochi"]
[Round "3.16"]
[Annotator "ChessBase"]
[Result "1/2-1/2"]
[Date "2021.05.03"]
[WhiteElo "2214"]
[BlackElo "2450"]
[PlyCount "53"]
[TimeControl "60"]

1. Nf3 {[%emt 0:0:0]} d5 {[%emt 0:0:0]} 2. g3 {[%emt 0:0:0]} Nf6 {[%emt 0:0:9]
} 3. Bg2 {[%emt 0:0:0]} c5 {[%emt 0:1:2]} 4. 0-0 {[%emt 0:0:0]} e6 {[%emt 0:0:36]} 5. d4 {[%emt 0:0:38]} cxd4 {[%emt 0:2:12]} 6. Nxd4 {[%emt 0:0:43]
} e5 {[%emt 0:1:11]} 7. Nb3 {[%emt 0:0:9]} Be6 {[%emt 0:2:58]
} 8. Bg5 {[%emt 0:0:53]} Nbd7 {[%emt 0:3:14]} 9. e4 {[%emt 0:0:26]} dxe4 {[%emt 0:4:28]
} 10. Nc3 {[%emt 0:0:14]} Be7 {[%emt 0:9:16]} 11. Nxe4 {[%emt 0:1:10]
} Nxe4 {[%emt 0:4:23]} 12. Bxe7 {[%emt 0:0:9]} Qxe7 {[%emt 0:0:0]} 13. Bxe4 {[%emt 0:0:6]} Rb8 {[%emt 0:0:20]} 14. Qd3 {[%emt 0:5:47]} h6 {[%emt 0:3:14]} 15. Rad1 {[%emt 0:11:40]} 0-0 {[%emt 0:1:19]} 16. Qd6 {[%emt 0:6:57]
} Qxd6 {[%emt 0:1:59]} 17. Rxd6 {[%emt 0:0:7]} Rfc8 {[%emt 0:0:0]} 18. c3 {[%emt 0:3:38]} Kf8 {[%emt 0:3:26]} 19. Rfd1 {[%emt 0:9:54]} Ke7 {[%emt 0:1:37]} 20. R6d3 {[%emt 0:12:22]} Nb6 {[%emt 0:4:45]} 21. Na5 {[%emt 0:1:33]
} Rc7 {[%emt 0:0:41]} 22. Bg2 {[%emt 0:1:56]} f5 {[%emt 0:0:0]} 23. Re3 {[%emt 0:5:54]} Kf6 {[%emt 0:0:54]} 24. Rd6 {[%emt 0:5:15]} Ke7 {[%emt 0:1:36]} 25. Rd1 {[%emt 0:3:48]} Kf6 {[%emt 0:1:17]} 26. Rde1 {[%emt 0:13:0]
} Nd7 {[%emt 0:1:6]} 27. Rd1 {[%emt 0:2:40]} 1/2-1/2

[Event "RUS-chT Premier 2021"]
[White "Samusenko,Maksim"]
[Black "Pervakov,Sergey"]
[WhiteTeam "Ладья"]
[BlackTeam "Киммерия"]
[Site "Sochi"]
[Round "3.17"]
[Annotator "ChessBase"]
[Result "1-0"]
[Date "2021.05.03"]
[WhiteElo "2467"]
[BlackElo "2056"]
[PlyCount "107"]
[TimeControl "60"]

1. e4 {[%emt 0:0:0]} e5 {[%emt 0:0:0]} 2. Nf3 {[%emt 0:0:31]} Nc6 {[%emt 0:0:0]
} 3. Nc3 {[%emt 0:0:39]} Nf6 {[%emt 0:1:32]} 4. Bb5 {[%emt 0:0:0]} Bb4 {[%emt 0:4:29]} 5. 0-0 {[%emt 0:1:9]} 0-0 {[%emt 0:10:4]} 6. Bxc6 {[%emt 0:2:12]} dxc6 {[%emt 0:2:15]} 7. d3 {[%emt 0:0:53]} Nd7 {[%emt 0:10:7]
} 8. Ne2 {[%emt 0:1:28]} Re8 {[%emt 0:0:44]} 9. Ng3 {[%emt 0:0:0]} Nf8 {[%emt 0:4:20]} 10. Be3 {[%emt 0:10:40]} Bd6 {[%emt 0:2:35]} 11. Nd2 {[%emt 0:9:21]} Ng6 {[%emt 0:1:57]} 12. Nf5 {[%emt 0:4:1]} Qf6 {[%emt 0:11:45]
} 13. Qf3 {[%emt 0:18:12]} Nh4 {[%emt 0:1:20]} 14. Nxh4 {[%emt 0:1:39]
} Qxh4 {[%emt 0:0:2]} 15. Qe2 {[%emt 0:6:21]} Be6 {[%emt 0:0:0]} 16. f3 {[%emt 0:5:15]} Rad8 {[%emt 0:5:17]} 17. Qf2 {[%emt 0:8:19]} Qxf2+ {[%emt 0:4:17]} 18. Rxf2 {[%emt 0:0:14]} b6 {[%emt 0:0:41]} 19. a4 {[%emt 0:6:5]
} a5 {[%emt 0:4:16]} 20. Kf1 {[%emt 0:1:50]} f6 {[%emt 0:1:28]
} 21. h4 {[%emt 0:2:43]} Bf7 {[%emt 0:1:10]} 22. Ke2 {[%emt 0:2:0]} Rd7 {[%emt 0:0:27]
} 23. g4 {[%emt 0:1:23]} g6 {[%emt 0:1:55]} 24. Nf1 {[%emt 0:0:0]} Be6 {[%emt 0:2:0]} 25. Ng3 {[%emt 0:0:42]} Bf8 {[%emt 0:5:3]} 26. Rg2 {[%emt 0:1:16]} Bg7 {[%emt 0:2:40]} 27. Bd2 {[%emt 0:1:34]} c5 {[%emt 0:0:0]} 28. b3 {[%emt 0:0:12]} Kf8 {[%emt 0:0:25]} 29. Bc3 {[%emt 0:0:48]} Rf7 {[%emt 0:0:25]} 30. Rf1 {[%emt 0:1:55]} Ke7 {[%emt 0:0:9]} 31. Ke1 {[%emt 0:1:38]
} Kd6 {[%emt 0:0:22]} 32. Ne2 {[%emt 0:1:58]} Bd7 {[%emt 0:0:0]} 33. f4 {[%emt 0:1:38]} exf4 {[%emt 0:0:28]} 34. Nxf4 {[%emt 0:0:10]} c4 {[%emt 0:0:38]} 35. bxc4 {[%emt 0:0:32]} Bxa4 {[%emt 0:1:5]} 36. Kd1 {[%emt 0:0:24]
} Bh6 {[%emt 0:1:29]} 37. Nd5 {[%emt 0:1:4]} Ke6 {[%emt 0:0:0]} 38. Rgf2 {[%emt 0:0:37]} Ref8 {[%emt 0:0:20]} 39. Nxf6 {[%emt 0:0:49]} Bg7 {[%emt 0:0:37]} 40. g5 {[%emt 0:0:0]} Bxf6 {[%emt 0:0:0]} 41. gxf6 {[%emt 0:4:49]
} c5 {[%emt 0:7:16]} 42. Kd2 {[%emt 0:2:41]} Bc6 {[%emt 0:0:0]} 43. Kc1 {[%emt 0:6:22]} Rb7 {[%emt 0:2:7]} 44. Kb2 {[%emt 0:1:0]} Be8 {[%emt 0:0:24]} 45. Ka3 {[%emt 0:0:54]} b5 {[%emt 0:5:3]} 46. cxb5 {[%emt 0:0:13]
} Rxb5 {[%emt 0:0:2]} 47. Rg2 {[%emt 0:2:19]} h6 {[%emt 0:0:0]} 48. f7 {[%emt 0:4:35]} Bxf7 {[%emt 0:4:34]} 49. Rf6+ {[%emt 0:1:45]} Ke7 {[%emt 0:0:34]} 50. Rgf2 {[%emt 0:0:10]} Rb7 {[%emt 0:1:2]} 51. Bd2 {[%emt 0:2:53]
} g5 {[%emt 0:1:28]} 52. hxg5 {[%emt 0:0:30]} hxg5 {[%emt 0:0:0]} 53. Bxg5 {[%emt 0:0:7]} Ke8 {[%emt 0:1:16]} 54. Rd6 {[%emt 0:0:40]} 1-0

[Event "RUS-chT Premier 2021"]
[White "Chigaev,Maksim"]
[Black "Petrov,Nikita"]
[WhiteTeam "Wildberries Молодёжка"]
[BlackTeam "Школа М. Ботвинника"]
[Site "Sochi"]
[Round "3.19"]
[Annotator "TA"]
[Result "1-0"]
[Date "2021.05.03"]
[WhiteElo "2631"]
[BlackElo "2567"]
[PlyCount "75"]

1. e4 {} e5 2. Nf3 Nc6 3. Bb5 a6 4. Ba4 Nf6 5. 0-0 Be7 6. Bxc6 dxc6 7. d3 Nd7 8. Be3 {C85: Closed Ruy Lopez: Deferred Exchange Variation.} 0-0 9. Nc3 { is now debated instead of 9.Nbd2.} f6 {[#]} 10. Ne2 $146 {The position is equal.} ({Predecessor:} 10. Qe2 a5 11. Rfd1 Bd6 12. Nb1 a4 13. Nbd2 b5 14. d4 Qe8 15. c3 exd4 16. cxd4 {1/2-1/2 (38) Palladino,M (2116)
-Svrsek,R (2196) ICCF email 2015} )Nc5 11. Ng3 g6 12. d4 exd4 13. Nxd4 Ne6 14. f4 Nxd4 15. Bxd4 c5 16. Bc3 Qxd1 17. Raxd1 b5 18. f5 a5 19. Bd2 Ra6 20. Bf4 Rc6 21. h4 b4 22. c4 bxc3 23. bxc3 Bd6 24. Bxd6 cxd6 25. Rf2 Kf7 26. h5 gxf5 27. exf5 Re8 28. Rfd2 Re3 29. Kf2 Rxc3 {[#]} (29... Re5 $1 $11 {and Black
is okay.} )30. Ne4 $18 Ra3 31. Rxd6 Rxa2+ 32. Ke3 Rc7 (32... Ra6 33. Rxa6 Bxa6 )33. Rxf6+ Ke7 34. g4 c4 35. Rh6 Kf8 36. Rd8+ Kg7 37. Rf6 (37. Rhd6 $142 Ra3+ 38. Kf4 Rf3+ 39. Kxf3 Bb7 40. h6+ Kf7 41. R6d7+ Rxd7 42. Rxd7+ Ke8 43. Rxb7 )h6 38. Rff8 {Weighted Error Value: White=0.13/Black=0.78} 1-0

[Event "RUS-chT Premier 2021"]
[White "Zakhartsov,Vladimir"]
[Black "Paravyan,David"]
[WhiteTeam "Школа М. Ботвинника"]
[BlackTeam "Wildberries Молодёжка"]
[Site "Sochi"]
[Round "3.20"]
[Annotator "TA"]
[Result "1-0"]
[Date "2021.05.03"]
[WhiteElo "2486"]
[BlackElo "2647"]
[PlyCount "109"]

1. d4 {} Nf6 2. c4 g6 3. Nc3 d5 4. cxd5 Nxd5 5. Bd2 Bg7 6. e4 Nxc3 7. Bxc3 0-0 8. Qd2 c5 { D85:
Exchange Grünfeld: Unusual White 7th moves and lines with 7 Nf3.} 9. d5 Bxc3 10. bxc3 e6 {[#] White is slightly better.} 11. Be2 $146 (11. Bc4 $11 {keeps
the balance.} )({Predecessor:} 11. d6 Qa5 12. h4 f6 13. e5 Nd7 14. h5 g5 15. exf6 h6 16. Nf3 Rxf6 17. Be2 {1-0 (31) Ponkratov,P (2631)-Bykhovsky,A (2496)
Chess.com INT 2020} )exd5 $17 12. exd5 Nd7 $1 13. Nf3 Nf6 14. c4 Ne4 15. Qf4 Qa5+ 16. Kf1 Re8 17. h4 Bf5 (17... h5 $17 18. Kg1 Bf5 )18. g4 $1 $11 {
} Nc3 $2 {[#]} 19. Qh6 $1 $16 {Intending Ng5 and mate.} Qb6 {[#]} (19... Rxe2 $2 20. Ng5 $18 )20. Ng5 $1 Qf6 21. Qxh7+ Kf8 22. Qh6+ (22. gxf5 $18 Nxe2 23. Rd1 (23. Re1 Nd4 $16 ))Qg7 ({Black should play} 22... Ke7 23. gxf5 Nxe2 )23. Qxg7+ Kxg7 24. gxf5 Nxe2 25. fxg6 Kxg6 26. Re1 Nd4 27. Rg1 Rxe1+ 28. Kxe1 { Endgame KRN-KRN} Kf6 29. Kd2 Rh8 30. Rg4 b6 $2 (30... Ke7 )31. Rf4+ $18 Nf5 {[#]} 32. Nxf7 $1 {} Rxh4 33. Rxh4 Nxh4 {KN-KN} 34. Nd8 (34. Nd6 $142 )Nf5 35. Nc6 Nd6 36. Kd3 ({Not} 36. Nxa7 Nxc4+ 37. Kd3 Nd6 $11 )a5 (36... Nc8 $142 37. a3 Kf5 )37. a4 Kf5 {[#]} 38. Na7 ({
White has to play} 38. Nb8 $1 $18 )Ke5 $2 { [#] This costs
Black the game.} (38... Kf4 $14 )39. Nb5 $1 Ne4 40. Ke3 Kf5 41. f4 Nf6 42. Nd6+ Kg4 43. Nc8 b5 44. cxb5 {White mates.} Nxd5+ 45. Kd3 Kxf4 46. b6 {} Ke5 47. b7 Nb4+ 48. Kc4 Na6 49. Kb5 Nb8 50. Kxc5 Ke6 51. Kb6 Kd7 52. Ka7 Kc7 53. Ne7 Nd7 54. Nd5+ Kc6 {[#]} 55. Nf6 $1 {
Promotion.  Weighted Error Value: White=0.13/Black=0.47} 1-0

[Event "RUS-chT Premier 2021"]
[White "Riazantsev,Alexander"]
[Black "Makarian,Rudik"]
[WhiteTeam "Wildberries Молодёжка"]
[BlackTeam "Школа М. Ботвинника"]
[Site "Sochi"]
[Round "3.21"]
[Annotator "TA"]
[Result "1-0"]
[Date "2021.05.03"]
[WhiteElo "2631"]
[BlackElo "2468"]
[PlyCount "53"]

1. d4 {} Nf6 2. c4 e6 3. Nf3 d5 4. Qc2 c5 5. dxc5 d4 {[#]} 6. e3 $146 {D30: Queen's Gambit Declined: Systems without Nc3.} ({Predecessor:} 6. g3 Nc6 7. Bg2 Bxc5 8. 0-0 0-0 9. Bg5 Be7 10. Rd1 e5 11. Nbd2 Be6 12. a3 {
1-0 (65) Yilmaz,M (2630)-Firat,B (2474) Tornelo INT 2020} )dxe3 7. Bxe3 Ng4 8. Bg5 {White is slightly better.} Qa5+ 9. Bd2 (9. Nc3 {feels hotter.} Bxc5 10. Bh4 Nc6 11. Rd1 e5 12. Bd3 )Qxc5 10. Bc3 Nc6 11. h3 Nf6 12. Nbd2 Be7 13. a3 a5 14. Bd3 Bd7 15. 0-0 a4 16. Rad1 h6 17. Ne4 Nxe4 18. Bxe4 Bf6 19. Rfe1 Qxc4 20. Bd5 Qc5 {[#]} (20... Qf4 {was worth a try.} )21. Bxe6 $1 $18 { Deflection} fxe6 (21... Bxe6 22. Rxe6+ fxe6 23. Qg6+ { Double
Attack} Ke7 24. Bxf6+ gxf6 25. Qg7+ Ke8 26. Qg6+ (26. Qxh8+ Qf8 $18 )Ke7 27. Qg7+ Ke8 28. Qxh8+ Qf8 )22. Qg6+ { Double Attack. White is
clearly winning.} Kd8 23. Bxf6+ gxf6 24. Qg7 {
Double Attack} Kc7 25. Rxd7+ Kb6 26. Rxb7+ Ka6 27. b4 {Weighted Error Value:
White=0.07/Black=0.22} 1-0

[Event "RUS-chT Premier 2021"]
[White "Afanasiev,Nikita"]
[Black "Antipov,Mikhail Al."]
[WhiteTeam "Школа М. Ботвинника"]
[BlackTeam "Wildberries Молодёжка"]
[Site "Sochi"]
[Round "3.22"]
[Annotator "TA"]
[Result "1/2-1/2"]
[Date "2021.05.03"]
[WhiteElo "2529"]
[BlackElo "2609"]
[PlyCount "95"]

1. d4 {} Nf6 2. Nf3 g6 3. c4 Bg7 4. g3 0-0 5. Bg2 d6 6. 0-0 Bf5 7. Nc3 Ne4 8. Nd5 {E60: King's Indian: Unusual lines and Fianchetto Variation
without Nc3.} c6 9. Ne3 Bd7 10. b3 {The position is equal.} a5 11. Qc2 f5 {[#]} 12. Rb1 $146 ({Predecessor:} 12. Bb2 Na6 13. a3 Qb6 14. Rab1 Rae8 15. Rfd1 Bc8 16. Ba1 Nf6 17. c5 Qc7 18. Nc4 {0-1 (63) Arat,U (2386)-Iskandarov,M (2486)
Ankara 2018} )Na6 13. a3 $1 Qe8 14. Bb2 Qf7 15. Ne1 Nf6 16. Nd3 Nc7 17. d5 Bh6 18. Nf4 e5 19. dxe6 $1 Nxe6 20. Nd3 f4 21. Bxf6 {Ng4 is the strong
threat.} fxe3 (21... Qxf6 $5 22. Ng4 $8 { Double Attack} Qg7 $11 )22. fxe3 Bxe3+ 23. Kh1 Ng7 24. Bb2 Qe7 25. Qc3 Bf5 26. Rbe1 Rf7 27. Rf3 Re8 {[#]} 28. Ne5 $1 Qxe5 29. Qxe5 dxe5 30. Rxe3 e4 31. Rd1 h5 32. Bc3 a4 33. bxa4 Ne6 34. a5 ({Much weaker is} 34. Bxe4 $6 Ng5 $11 )Nc5 35. Bb4 Nd7 36. h3 Ne5 37. Rd4 ({Wrong is} 37. Bxe4 $2 Nxc4 38. Bxf5 Nxe3 $19 )Rd7 38. Rxd7 Nxd7 39. Bd6 Ne5 {[#]} 40. Rc3 ({White should try} 40. c5 $1 $16 )Kf7 $11 41. Rb3 Ke6 42. c5 Nc4 43. Rxb7 {next a6 is good for White.} Nxa5 44. Rb4 {aiming
for Bc7.} Kd5 45. Rb1 Kc4 46. Rb4+ Kd5 47. Rb1 Kc4 48. Rb4+ {Weighted Error
Value: White=0.08/Black=0.05} 1/2-1/2

[Event "RUS-chT Premier 2021"]
[White "Yuffa,Daniil"]
[Black "Kukhmazov,Arsen"]
[WhiteTeam "Wildberries Молодёжка"]
[BlackTeam "Школа М. Ботвинника"]
[Site "Sochi"]
[Round "3.23"]
[Annotator "TA"]
[Result "1/2-1/2"]
[Date "2021.05.03"]
[WhiteElo "2584"]
[BlackElo "2451"]
[PlyCount "112"]

1. d4 {Krasenkow,M} Nf6 2. c4 e6 3. Nf3 d5 4. Nc3 dxc4 5. e4 Bb4 6. Bxc4 {D24: Queen's Gambit Accepted: 3 Nf3 Nf6
4 Nc3.} Nxe4 7. 0-0 Nf6 8. Qa4+ Nc6 9. Ne5 Rb8 10. Nxc6 (10. d5 {feels hotter.} Nxd5 11. Nxd5 exd5 12. Nxc6 bxc6 13. Qxc6+ Bd7 14. Qxd5 0-0 15. Bg5 )bxc6 11. Qxc6+ Qd7 12. Qxd7+ Bxd7 {[#]} 13. Rd1 $146 ({Predecessor:} 13. Bg5 0-0 14. Rfc1 Ba5 15. Rab1 Rfd8 16. Bb3 Bc6 17. Rd1 Rd7 18. Rbc1 h6 19. Be3 {1-0 (52)
Halkias,S (2580)-Fressinet,L (2670) Rijeka 2010 CBM 136 [Krasenkow,M]} )0-0 14. h3 h6 15. Be3 a5 16. Rac1 Bxc3 17. bxc3 Rb2 18. Rb1 Rfb8 19. Bd3 Nd5 20. Bd2 Ba4 (20... g5 {is more complex.} 21. g3 Ba4 22. Re1 R8b6 23. Rxb2 Rxb2 24. Bc1 Rb6 )21. Rxb2 Rxb2 22. Rb1 Rxb1+ 23. Bxb1 $11 { Endgame
KBB-KBN} Bb5 24. c4 Bxc4 25. Bxa5 Kf8 26. Bd2 Ke7 27. g4 g5 28. Kg2 Kd6 29. Kg3 e5 30. dxe5+ Kxe5 31. a4 c5 32. Bc1 Nc3 (32... Ba6 $11 )33. Bb2 $16 Kd4 {[#]} 34. a5 ({White should play} 34. Be4 $1 $16 {} )Ba6 $1 $11 {
The position is equal.} 35. Bh7 f6 36. f3 Kc4 37. Bg8+ Kb4 38. Ba1 c4 {
Strongly threatening ...Ne2+.} 39. Kf2 Bb7 40. Ke3 Nd1+ 41. Ke2 Nc3+ 42. Kd2 Nb1+ 43. Kc1 Nc3 44. Kc2 Ne2 {And now ...c3 would win.} 45. Kd2 Ng1 46. Bc3+ Kb5 47. Ke3 Nxh3 48. Bxf6 Nf4 49. Bg7 h5 50. gxh5 Nxh5 51. Be5 Nf4 52. Bxc4+ Kxc4 53. Bxf4 gxf4+ 54. Kxf4 Kb5 55. a6 Kxa6 56. Kg4 Bxf3+ {Weighted Error
Value: White=0.05/Black=0.06} 1/2-1/2